000 00676nam a2200217Ia 4500
001 18910
003 GE_BSU
008 181216s||||||||xx |||||||||||||| ||und||
040 _cGE_BSU
245 _aНовая и новейшая история №1январь-февраль,2016
245 _cГлавный ред:В.В Согорин, и др
260 _aМосква
260 _bНаука
260 _c2016
300 _a256стр,23см
653 _aИстория
653 _aНовая и новейшая история. №1январь-февраль,2016
653 _aПериодика
653 _aპერიოდიკა
942 _cCR
999 _c51910
_d51910